000 00696nam a2200289Ia 4500
005 20260324112436.0
008 008 260324s9999 xx 000 0 eng d
020 _a9781003353010
037 _aEBOOK
040 _aCRL
040 _beng
040 _cCRL
041 _2eng
041 _aeng
084 _qCRL
100 _aWilliam G. Hoy
_91142710
245 0 _aCreating Meaning in Funerals
245 0 _bHow Families and Communities Make Sense of Death
260 _bTaylor and Francis
260 _c2024
365 _a
365 _b220
856 _uhttp://www.taylorfrancis.com/books/9781003353010
942 _cEBOOK
999 _c1731918
_d1731918